| 000 | 00509cam a22001937a 4500 | ||
|---|---|---|---|
| 001 | 001980 | ||
| 003 | armpunfd | ||
| 005 | 20140612090655.0 | ||
| 008 | 060608e0####xx#a##########000#0#und#d | ||
| 040 |
_aarmpunfd _carmpunfd |
||
| 080 | _a342.72/73 B 197 | ||
| 100 | 1 | 0 | _a BaliÃA, Gustavo |
| 245 | 1 | 0 | _aDerecho a la intimidad e internet |
| 260 | _a Seminario Interareas I | ||
| 650 | 7 |
_a Derecho A La Intimidad _2LEMB |
|
| 650 | 7 |
_a Internet _2LEMB |
|
| 942 |
_cLB _2cdu |
||
| 945 |
_aCatalis _d2010-08-19 |
||
| 999 |
_c1971 _d232475 |
||